Normal view
MARC view
- M.A.Mayers
Entry Personal Name
001 - CONTROL NUMBER
- control field: 106293
003 - CONTROL NUMBER IDENTIFIER
- control field: NUST
005 - DATE AND TIME OF LATEST TRANSACTION
- control field: 20221228183600.0
008 - FIXED-LENGTH DATA ELEMENTS
- fixed length control field: 221228|| aca||aabn | a|a d
040 ## - CATALOGING SOURCE
- Original cataloging agency: NUST
- Transcribing agency: NUST
100 ## - HEADING--PERSONAL NAME
- Personal name: M.A.Mayers
670 ## - SOURCE DATA FOUND
- Source citation: Work cat.: (NUST)183269: Mayers M.A 106292, Closed Circuits Television system Planning /, 1957
